Broadcasting, cable, the internet, and beyond : (Record no. 118058)
[ view plain ]
| 000 -LEADER | |
|---|---|
| fixed length control field | 00728nam a2200205Ia 4500 |
| 003 - CONTROL NUMBER IDENTIFIER | |
| control field | SISC |
| 005 - DATE AND TIME OF LATEST TRANSACTION | |
| control field | 20170126144427.0 |
| 008 - FIXED-LENGTH DATA ELEMENTS--GENERAL INFORMATION | |
| fixed length control field | 140609s9999 xx 000 0 und d |
| 020 ## - INTERNATIONAL STANDARD BOOK NUMBER | |
| International Standard Book Number | 9780073512037 |
| 050 ## - LIBRARY OF CONGRESS CALL NUMBER | |
| Classification number | HE 8689.8 |
| Item number | .D66 2012 |
| 100 ## - MAIN ENTRY--PERSONAL NAME | |
| Personal name | Dominick, Joseph R. |
| 245 ## - TITLE STATEMENT | |
| Title | Broadcasting, cable, the internet, and beyond : |
| Remainder of title | an introduction to modern electronic media / |
| Statement of responsibility, etc | Joseph R. Dominick, Fritz Messere, Barry L. Sherman. |
| 250 ## - EDITION STATEMENT | |
| Edition statement | 7th edition. |
| 260 ## - PUBLICATION, DISTRIBUTION, ETC. (IMPRINT) | |
| Place of publication, distribution, etc | New York : |
| Name of publisher, distributor, etc | McGraw-Hill, |
| Date of publication, distribution, etc | 2012. |
| 300 ## - PHYSICAL DESCRIPTION | |
| Extent | 316 pages : |
| Other physical details | illustrations ; |
| Dimensions | 26 cm. |
| 500 ## - GENERAL NOTE | |
| General note | Includes bibliographical references, glossary and index. |
| 650 ## - SUBJECT ADDED ENTRY--TOPICAL TERM | |
| Topical term or geographic name as entry element | Telecommunication |
| General subdivision | United States. |
| 942 ## - ADDED ENTRY ELEMENTS (KOHA) | |
| Call number prefix | Foreign |
| Koha item type | Books |
| Source of classification or shelving scheme | Library of Congress Classification |
| Withdrawn status | Lost status | Damaged status | Home library | Current library | Shelving location | Date acquired | Total Checkouts | Total Renewals | Full call number | Barcode | Date last seen | Date checked out | Price effective from | Koha item type |
|---|---|---|---|---|---|---|---|---|---|---|---|---|---|---|
| College Library | College Library | Reserve Section | 06/09/2014 | 3 | 5 | HE 8689.8 .D66 2012 | C18346 | 12/05/2019 | 11/19/2019 | 06/09/2014 | Books |